000
00301nam a2200133Ia 4500
005
20251222144754.0
008
251222s9999||||xx |||||||||||||| ||spa||
020
_a
9972-40-219-3
082
_a
869.15/R94P/2002
100
_a
Rulfo, Juan
245
0
_a
Pedro Páramo:
264
_b
Peisa
942
_c
LIB
999
_c
19458
_d
19458